Mystery Taylor Swift Song #33 - Statistics

General Stats
  • This quiz has been taken 1,157 times
    1,086 since last reset
  • The average score is 52 of 126
Answer Stats
Song % Correct
a
95%
I
95%
'I
95%
Red
87%
we
86%
the
84%
you
84%
you'
84%
to
83%
me
76%
and
75%
all
74%
where
73%
in
72%
it
72%
when
71%
your
71%
on
69%
my
66%
was
66%
were
65%
go
62%
I'm
61%
that
61%
of
60%
like
59%
there
59%
not
58%
Never
56%
this
56%
time
56%
for
55%
If
55%
know
54%
But
53%
don't
52%
with
51%
first
50%
just
50%
day
49%
had
48%
holy
47%
ground
46%
every
45%
see
45%
Back
44%
'Cause
43%
how
43%
think
43%
down
41%
Holy Ground
41%
now
41%
right
41%
New
40%
good
39%
got
39%
stood
39%
been
38%
off
38%
other
38%
took
37%
about
35%
away
35%
girl
34%
looking
34%
something
34%
than
34%
darling
33%
need
32%
wanna
32%
way
32%
gonna
31%
dress
30%
face
30%
light
30%
through
30%
lose
29%
we've
29%
dance
28%
dancing
28%
left
28%
reminiscing
28%
room
28%
Yeah
28%
York
28%
city
27%
made
27%
ourselves
27%
perfect
27%
alone
26%
big
26%
fell
26%
green
26%
apart
25%
brand
25%
guess
25%
Tonight
25%
door
24%
faster
24%
Lord
24%
page
24%
usual
24%
already
23%
feeling
23%
fit
23%
note
23%
we'd
23%
wide
23%
conversation
22%
crowd
22%
rhyme
22%
While
22%
coffee
21%
dust
21%
joke
21%
poems
21%
sound
21%
Spinning
21%
having
20%
skip
19%
story's
19%
glance
18%
sometimes
18%
wonder
18%
noise
16%
blocked
13%
No matching quizzes found
Score Distribution
Percent of People with Each Score
Percentile by Number Answered
Your Score History
You have not taken this quiz since the last reset